书目信息 |
| 题名: |
十二大文件经济问题学习问答
|
|
| 作者: | ;中央党校政治经济学教研室编写组 编 | |
| 分册: | ||
| 出版信息: | 天津 天津人民出版社 1982 |
|
| 页数: | 120页 | |
| 开本: | 19cm | |
| 丛书名: | ||
| 单 册: | ||
| 中图分类: | D229 , F120 | |
| 科图分类: | ||
| 主题词: | 中共十二大--学习参考资料 , 社会主义经济--中国--学习参考资料 | |
| 电子资源: | ||
| ISBN: | ||
| 000 | 00817nam0 2200253 45 | |
| 001 | 0182008794 | |
| 005 | 20060820163853.35 | |
| 010 | @dCNY0.29 | |
| 091 | @aCN@b4072.59 | |
| 100 | @a19950525d1982 em y0chiy0121 ea | |
| 101 | 0 | @achi |
| 102 | @aCN@b120000 | |
| 105 | @ay z 000yy | |
| 200 | 10 | @a十二大文件经济问题学习问答@Ashi er da wen jian jing ji wen ti xue xi wen da@f中央党校政治经济学教研室编写组编 |
| 210 | @a天津@c天津人民出版社@d1982 | |
| 215 | @a120页@d19cm | |
| 606 | @a中共十二大@x学习参考资料 | |
| 606 | @a社会主义经济@y中国@x学习参考资料 | |
| 690 | @aD229@v3 | |
| 690 | @aF120@v3 | |
| 711 | 02 | @a中央党校政治经济学教研室编写组@Azhong yang dang xiao zheng zhi jing ji xue jiao yan shi bian xie zu@4编 |
| 801 | 0 | @aCN@bTSSF@c20060820 |
| 801 | 2 | @aCN@bNLC@c20060803 |
| 905 | @a10447@dD229@e88 | |
| 十二大文件经济问题学习问答/中央党校政治经济学教研室编写组编.-天津:天津人民出版社,1982 |
| 120页;19cm |
| ISBN :CNY0.29 |
| ● |
| 相关链接 |
|
|
|
|
正题名:十二大文件经济问题学习问答
索取号:D229/88
 
预约/预借
| 序号 | 登录号 | 条形码 | 馆藏地/架位号 | 状态 | 备注 |
| 1 | 0442217 | 204422179 | 密集书库/ [索取号:D229/88] | 在馆 | |
| 2 | 0471726 | 204717262 | 密集书库/ [索取号:D229/88] | 在馆 |